<?xml version="1.0" encoding="UTF-8"?>
<record
    xmlns:xsi="http://www.w3.org/2001/XMLSchema-instance"
    xsi:schemaLocation="http://www.loc.gov/MARC21/slim http://www.loc.gov/standards/marcxml/schema/MARC21slim.xsd"
    xmlns="http://www.loc.gov/MARC21/slim">

  <leader>02166nab a2200277uuc4500</leader>
  <controlfield tag="001">1495870</controlfield>
  <controlfield tag="005">20240830114409.0</controlfield>
  <controlfield tag="008">180531e20110105                    spa  </controlfield>
  <datafield tag="035" ind1=" " ind2=" ">
    <subfield code="a">1495870</subfield>
  </datafield>
  <datafield tag="040" ind1=" " ind2=" ">
    <subfield code="c">comduadb</subfield>
  </datafield>
  <datafield tag="041" ind1=" " ind2=" ">
    <subfield code="a">spa</subfield>
  </datafield>
  <datafield tag="100" ind1="1" ind2="0">
    <subfield code="a">Dominguez Merlano, Eulises</subfield>
    <subfield code="4">aut</subfield>
    <subfield code="e">aut</subfield>
    <subfield code="9">365611</subfield>
  </datafield>
  <datafield tag="245" ind1="1" ind2="3">
    <subfield code="a">El ABP mediado con tecnolog&#xED;a m&#xF3;vil como estrategia pedag&#xF3;gica para el desarrollo de la competencia matem&#xE1;tica en resoluci&#xF3;n de problemas: un caso con la adici&#xF3;n de n&#xFA;meros enteros negativos</subfield>
  </datafield>
  <datafield tag="520" ind1="3" ind2=" ">
    <subfield code="a">En este art&#xED;culo se presentan los resultados de la investigaci&#xF3;n "Efecto del aprendizaje basado en proyectos mediado con tecnolog&#xED;a m&#xF3;vil en la resoluci&#xF3;n de problemas aditivos con n&#xFA;meros enteros negativos". La investigaci&#xF3;n es cuantitativa, con enfoque correlacional y dise&#xF1;o cuasiexperimental con pre-test y pos-test. Se conformaron dos grupos, experimental y control, de veinte estudiantes cada uno. El primero utiliz&#xF3; el ABP con la mediaci&#xF3;n de los Classemate, mientras que el segundo, no emple&#xF3; la mediaci&#xF3;n de la tecnolog&#xED;a.  Para establecer las diferencias entre los grupos, se emple&#xF3; el m&#xE9;todo estad&#xED;stico ANOVA, evidenciando que no existen diferencias significativas en la competencia de resoluci&#xF3;n de problemas entre los grupos. Sin embargo se determin&#xF3; que existen diferencias en el pre-test y pos-test al interior de los grupos. La utilizaci&#xF3;n del ABP mejora el desempe&#xF1;o de los estudiantes en la competencia de resoluci&#xF3;n de problemas independientemente del tipo de mediaci&#xF3;n empleada.</subfield>
  </datafield>
  <datafield tag="650" ind1=" " ind2="0">
    <subfield code="a">Aprendizaje basado en proyectos (ABP)</subfield>
    <subfield code="9">208692</subfield>
  </datafield>
  <datafield tag="650" ind1=" " ind2=" ">
    <subfield code="a">Resoluci&#xF3;n de problemas</subfield>
    <subfield code="9">28985</subfield>
  </datafield>
  <datafield tag="650" ind1=" " ind2=" ">
    <subfield code="a">Aprendizaje colaborativo</subfield>
    <subfield code="9">111744</subfield>
  </datafield>
  <datafield tag="650" ind1=" " ind2=" ">
    <subfield code="a">Tecnolog&#xED;a m&#xF3;vil</subfield>
    <subfield code="9">163131</subfield>
  </datafield>
  <datafield tag="650" ind1=" " ind2=" ">
    <subfield code="a">Modelos ANOVA</subfield>
    <subfield code="9">156592</subfield>
  </datafield>
  <datafield tag="700" ind1="1" ind2="0">
    <subfield code="a">Matos Navas, Rodolfo Enrique</subfield>
    <subfield code="4">aut</subfield>
    <subfield code="e">aut</subfield>
    <subfield code="9">709648</subfield>
  </datafield>
  <datafield tag="700" ind1="1" ind2="0">
    <subfield code="a">Castro Flores, Ibeth del Carmen</subfield>
    <subfield code="4">aut</subfield>
    <subfield code="e">aut</subfield>
    <subfield code="9">772380</subfield>
  </datafield>
  <datafield tag="700" ind1="1" ind2="0">
    <subfield code="a">Molina Padr&#xF3;n, Candelaria</subfield>
    <subfield code="4">aut</subfield>
    <subfield code="e">aut</subfield>
    <subfield code="9">772381</subfield>
  </datafield>
  <datafield tag="700" ind1="1" ind2="0">
    <subfield code="a">G&#xF3;mez Z&#xFA;&#xF1;iga, Irma Esther</subfield>
    <subfield code="4">aut</subfield>
    <subfield code="e">aut</subfield>
    <subfield code="9">772382</subfield>
  </datafield>
  <datafield tag="773" ind1="0" ind2=" ">
    <subfield code="t">Zona Pr&#xF3;xima (Barranquilla)</subfield>
    <subfield code="g">N&#xFA;mero 14, Enero-Junio 2011, 12-27</subfield>
    <subfield code="w">1494433</subfield>
    <subfield code="x">1657-2416</subfield>
    <subfield code="0">774472</subfield>
  </datafield>
  <datafield tag="942" ind1=" " ind2=" ">
    <subfield code="c">ARIMP</subfield>
  </datafield>
  <datafield tag="999" ind1=" " ind2=" ">
    <subfield code="c">775019</subfield>
    <subfield code="d">775019</subfield>
  </datafield>
</record>
